Estructura social del campo y éxodo rural : estudio de un pueblo de Castilla /

Guardat en:
Dades bibliogràfiques
Autor principal: Pérez Díaz, Víctor (autor)
Altres autors: Aranguren, José Luis (autor) (autor)
Format: Llibre
Idioma:espanyol
Publicat: Madrid, España : Tecnos, 1972, c1966
Edició:2a edición
Col·lecció:(Semilla y Surco. Sociología)
Matèries:
Etiquetes: Afegir etiqueta
Sense etiquetes, Sigues el primer a etiquetar aquest registre!

MARC

LEADER 00000nam^a2200000^a^4500
001 000288764
005 20250521000000.0
009 20260526134851.593
037 |a Acervo Xavier Clavigero 
041 |a ESP 
082 |a 307. 240946  |b PER 
100 |a Pérez Díaz, Víctor  |e (autor) 
245 1 0 |a Estructura social del campo y éxodo rural :  |b estudio de un pueblo de Castilla /  |c V. Pérez Díaz ; pról. de J.L. Aranguren. 
250 |a 2a edición  |b revisada 
264 4 |a Madrid, España :  |b Tecnos,  |c 1972, c1966 
300 |a 221 p. 
336 |a texto  |b txt  |2 rdacontenido 
337 |a sin mediación  |b n  |2 rdamedio 
338 |a volumen  |b nc  |2 rdasoporte 
440 1 |a (Semilla y Surco.  |p Sociología) 
649 |a XX 
650 |a Campesinos Españoles -  |x Condiciones Sociales y Culturales 
650 |a Campesinos Españoles -  |x Condiciones Económicas 
650 |a Organización Social -  |z Camino Viejo, España 
650 |a Migración Rural-Urbana -  |z Camino Viejo, España 
650 |a Zonas Rurales -  |z Camino Viejo, España 
650 |a Sociología Rural 
650 |a Camino Viejo, España -  |x Condiciones Sociales y Culturales 
650 |a Camino Viejo, España -  |x Condiciones Económicas 
700 |a Aranguren, José Luis  |e (autor) 
910 |a Fondo General 
920 |a Impresos - Libros 
930 |a Colección General 
905 |a 101 
901 |a 027741  |b IT1  |c ACC  |u 20250521 
902 |a https://opac.biblio.iteso.mx/vufind/Record/000288764